Η μορφολογία της δεύτερης απασχόλησης

Αποθηκεύτηκε σε:
Λεπτομέρειες βιβλιογραφικής εγγραφής
Κύριος συγγραφέας: Κασιμάτη, Κούλα
Συγγραφή απο Οργανισμό/Αρχή: Εθνικό Κέντρο Κοινωνικών Ερευνών Ερευνητική Ομάδα για την Απασχόληση
Άλλοι συγγραφείς: Allison, Elizabeth
Μορφή: Βιβλίο
Γλώσσα:Greek
Δημοσίευση: Αθήνα : Εθνικό Κέντρο Κοινωνικών Ερευνών, 1989.
Θέματα:
Ετικέτες: Προσθήκη ετικέτας
Δεν υπάρχουν, Καταχωρήστε ετικέτα πρώτοι!

MARC

LEADER 00000cam a2200000 i 4500
001 1/47273
008 941103s1989 gr | ||| |||| ||gre||
020 |a 9607093119 
035 |a 1990  |c ΔΩΡΕΑ  |l 10043019 
040 |a GR-MyUA  |b gre  |e AACR2 
041 0 |a gre 
082 0 |a 306.36 
100 1 |a Κασιμάτη, Κούλα. 
245 1 2 |a Η μορφολογία της δεύτερης απασχόλησης /   |c Κούλα Κασιμάτη σε συνεργασία με την Ελισάβετ Αλλισον.  
260 |a Αθήνα :   |b Εθνικό Κέντρο Κοινωνικών Ερευνών,   |c 1989.  
300 |a 165 σ. :   |b πιν. ;   |c 24 εκ.  
500 |a Μελέτη ΙΙ.  
504 |a Περιέχει βιβλιογραφικές αναφορές και στατιστικό παράρτημα.  
650 0 0 |a Employment  |x Research. 
650 0 0 |a Industrial sociology. 
650 0 0 |a Supplementary employment  |z Greece. 
700 1 |a Allison, Elizabeth. 
710 1 |a Εθνικό Κέντρο Κοινωνικών Ερευνών  |b Ερευνητική Ομάδα για την Απασχόληση. 
774 1 |t Έρευνα για τα κοινωνικά χαρακτηριστικά της απασχόλησης 
852 |a INST  |b CHIOS  |e 19960531  |h 306.36 ΚΑΣ  |p 005200003636  |q 005200003636  |t BK  |y 0 
852 |a INST  |b CHIOS  |e 19960618  |h 306.36 ΚΑΣ  |p 005200007778  |q 005200007778  |t BK  |y 0 
852 |a INST  |b CHIOS  |e 19960618  |h 306.36 ΚΑΣ  |p 005200007782  |q 005200007782  |t BK  |y 0 
852 |a INST  |b CHIOS  |c TSAMOYRGELIS  |e 20190925  |h 306.36 ΚΑΣ  |p 005200038528  |q 005200038528  |t BK  |y 0 
852 |a INST  |b LESVOS  |e 19980604  |h 331.133 ΚΑΣ  |p 005100013604  |q 005100013604  |t BK  |y 0 
852 |a INST  |b LESVOS  |e 20000317  |h 331.133 ΚΑΣ  |p 005100020828  |q 005100020828  |t BK  |y 0 
852 |a INST  |b RHODES  |e 20000425  |h 306.36 ΚΑΣ  |p 005400000212  |q 005400000212  |t BK  |y 0 
852 |a INST  |b RHODES  |e 20000425  |h 306.36 ΚΑΣ  |p 005400013511  |q 005400013511  |t BK  |y 0 
852 |a INST  |b SAMOS  |e 19941103  |h 331.133 ΚΑΣ  |p 005300000260  |q 005300000260  |t BK  |y 0 
901 |a BIBL4-2000-1 
901 |a BIBL1-1998-2 
909 |a Σ  |b 017238 
909 |a Λ  |b 077072 
909 |a Χ  |b 017196 
909 |a Χ  |b 035071 
909 |a Χ  |b 016474 
909 |a Ρ  |b 073779 
909 |a Ρ  |b 017454 
909 |a Λ  |b 057114 
922 |a 4ΔΩΡ  |b 200004  |c ΔΩΡΕΑ 
922 |a 1ΕΛΗ  |b 199805  |c ΚΠΣ/ΤΚ  |d EMVASIS 
950 |a 103-1998-02-03 
970 |z 2000/06/ΟΙΚΟΝΟΜΟΠΟΥΛΟΥ ΧΡΙΣΤΙΝΑ